| 000 -LEADER |
| fixed length control field |
01525pab a2200169 454500 |
| 008 - FIXED-LENGTH DATA ELEMENTS--GENERAL INFORMATION |
| fixed length control field |
180718b2010 xxu||||| |||| 00| 0 eng d |
| 100 ## - MAIN ENTRY--PERSONAL NAME |
| Personal name |
Tiwari, Nupur |
| 245 ## - TITLE STATEMENT |
| Title |
Reconciling `accelerated growth' with `inclusive growth' through panchayati raj |
| 260 ## - PUBLICATION, DISTRIBUTION, ETC. |
| Date of publication, distribution, etc. |
2010 |
| 300 ## - PHYSICAL DESCRIPTION |
| Extent |
p.108-118. |
| 362 ## - DATES OF PUBLICATION AND/OR SEQUENTIAL DESIGNATION |
| Dates of publication and/or sequential designation |
Jan-Mar |
| 520 ## - SUMMARY, ETC. |
| Summary, etc. |
In spite of remarkable advances in human and economic development, regional and inter-state disparities are inreasing and the situation of the poor; disadvantaged and vulnerable groups has worsened. Large amounts of public fund spent under various schemes to address these issues leave much to be desired due to centralized and fragmented concept. These schemes are insufficiently responsive to varying local needs or accountable to ensure efficient service delivery. Sector-specific approaches are demonstrating considerable success, at least as evidenced in the accelerated progress in bridging the rural infrastructure gap. However, there is an urgent need to strengthen local governance by addressing the need for cross-cutting systems of participatory planning and decision-making, local taxation, audit, financial management and procurement to sustain these impressive gains. What is therefore required is that Panchayati Raj be brought centre-stage as the principal governance reform to reinforce economic reform in such a manner as to secure inclusive growth. - Reproduced. |
| 650 ## - SUBJECT ADDED ENTRY--TOPICAL TERM |
| Topical term or geographic name entry element |
Panchayat |
| 773 ## - HOST ITEM ENTRY |
| Main entry heading |
Indian Journal of Public Administration |
| 908 ## - PUT COMMAND PARAMETER (RLIN) |
| Put command parameter |
N |
| 909 ## - |
| -- |
87239 |